000 01527nam0a22003611 4500
001 RU\NLR\INFOCOMM_253\5000054913
005 20250613101533.0
035 _a(NLR Aleph) 009382441
090 _a7991151
_c7991151
100 _a20101229d1983 |||y0rusy50 ca
101 1 _aeng
_crus
102 _aRU
105 _aa ||||000|y
200 1 _aTheoretical principles of electric steelmaking
_fV. Grigoryan, L. Belyanchikov, A. Stomakhin
_gTransl. from Russ. by V. Afanasyev
205 _aRev. from the 1979 Russ. ed.
210 _aM.
_cMir
_d1983
215 _a264 с.
_cил.
_d22 см
300 _aДоп. тит. л. на рус. яз.
300 _aВ вып. дан.: Теоретические основы электросталеплавильных процессов / Вули Аршакович Григорян, Лев Николаевич Белянчиков, Александр Яковлевич Стомахин
320 _aБиблиогр.: с. 256-261
606 _aСталь
_xЭлектрометаллургия
_2nlr_sh1
686 _aК327.4
_2rubbk
700 1 _9z01790
_aGrigorjan
_bV. A.
_gVuli Aršakovič
_4070
701 1 _9z02790
_aBeljančikov
_bL. N.
_gLev Nikolaevič
_4070
701 1 _9z03790
_aStomachin
_bA. J.
_gAleksandr Jakovlevič
_4070
790 1 _9z01700
_aGrigoryan
_bV.
_4070
790 1 _9z02701
_aBelyanchikov
_bL.
_4070
790 1 _9z03701
_aStomakhin
_bA.
_4070
801 1 _aRU
_bNLR
_c20101229
801 0 _aRU
_bNLR
_gPSBO
852 _aNLR
_jТ31 Д-5/97
942 _cBOOK
980 _aNB